00438cam a2200145ua 45000010005000000080039000050400009000440820008000531000041000612450047001022600057001493000017002066530022002236530047002451375110707n ii |||gr||||Z||||||eng cMAIN a3231 aedited by Mahanta, Aparna,eauthor.,1 aHuman rights and women of north east india aDibruugarh:bRegistrar, Dibrugarh University,c2002. a278p:c23cm. aPolitical Science aHuman rights and women of north east india